[Event "Chigorin Memorial 31st"]
[Site "St Petersburg"]
[Date "2024.10.29"]
[Round "4"]
[White "Ostapenko, Platon Dm"]
[Black "Dzhamalov, Danis"]
[Result "1-0"]
[WhiteElo "1630"]
[BlackElo "1506"]
[PlyCount "65"]
[EventDate "2024.10.26"]
[EventType "swiss"]
[EventRounds "9"]
[EventCountry "RUS"]
[SourceTitle "CB45_2024"]
[Source "ChessBase"]
[SourceDate "2024.11.06"]
[SourceVersion "1"]
[SourceVersionDate "2024.11.06"]
[SourceQuality "1"]

1. e4 c6 2. d4 d5 3. e5 Bf5 4. Nf3 h6 5. Be2 e6 6. c3 Nd7 7. Nbd2 c5 8. 0-0 Ne7 9. Nb3 c4 10. Nbd2 Nc6 11. b3 cxb3 12. Nxb3 Be7 13. Bd3 Bxd3 14. Qxd3 Nb6 15. Re1 0-0 16. Bf4 Nc4 17. Nfd2 Nxd2 18. Qxd2 Na5 19. Nxa5 Qxa5 20. Bxh6 gxh6 21. Qxh6 f5 22. Qg6+ Kh8 23. Re3 Bh4 24. Rh3 Qd8 25. Qh6+ Kg8 26. Rxh4 Kf7 27. Qh7+ Ke8 28. Qg6+ Kd7 29. Rh7+ Kc8 30. Qxe6+ Kb8 31. Rb1 b6 32. Qc6 Qc8 33. Qd6+ 1-0